| 000 | 00715cam a2200265 a 4500 | ||
|---|---|---|---|
| 001 | 971158 | ||
| 003 | OSt | ||
| 005 | 20140310182245.0 | ||
| 008 | 851118r1986 nyu 000 1 eng | ||
| 010 | _a 85027275 | ||
| 020 | _a9780006171997 | ||
| 040 |
_aDLC _cDLC _dDLC |
||
| 050 | 0 | 0 |
_aPR 6061.Y4 _b.K99 1986 |
| 082 | 0 | 0 |
_aFIC _bK98d 1985 |
| 100 | 1 |
_aKyle, Duncan. _919432 |
|
| 245 | 1 | 4 |
_aThe dancing men / _cDuncan Kyle. |
| 260 |
_aGreat Britain : _bFontanaCollins, _cc1986. |
||
| 300 |
_a256 p. ; _c18 cm. |
||
| 541 | _j1 | ||
| 562 | _e1 | ||
| 650 |
_aFiction _9746 |
||
| 655 | 7 |
_aAdventure stories. _2gsafd _92927 |
|
| 906 |
_a7 _bcbc _corignew _d1 _eocip _f19 _gy-gencatlg |
||
| 942 |
_2lcc _cBK-FIC |
||
| 999 |
_c11232 _d11232 |
||